Activities handbook for the teaching of psychology / (Record no. 6463)

MARC details
000 -LEADER
fixed length control field 01157cam a2200325 a 4500
001 - CONTROL NUMBER
control field 424988
003 - CONTROL NUMBER IDENTIFIER
control field OSt
005 - DATE AND TIME OF LATEST TRANSACTION
control field 20200123102636.0
008 - FIXED-LENGTH DATA ELEMENTS--GENERAL INFORMATION
fixed length control field 810227m19819999dcua b 001 0 eng
010 ## - LIBRARY OF CONGRESS CONTROL NUMBER
LC control number 81001648
020 ## - INTERNATIONAL STANDARD BOOK NUMBER
International Standard Book Number 0912704349 (v. 1)
020 ## - INTERNATIONAL STANDARD BOOK NUMBER
International Standard Book Number 1557980306 (v. 2)
020 ## - INTERNATIONAL STANDARD BOOK NUMBER
International Standard Book Number 1557980810 (v. 3)
040 ## - CATALOGING SOURCE
Original cataloging agency DLC
Transcribing agency DLC
Modifying agency DLC
082 00 - DEWEY DECIMAL CLASSIFICATION NUMBER
Classification number 370.15
Item number ACT 1987
245 00 - TITLE STATEMENT
Title Activities handbook for the teaching of psychology /
Statement of responsibility, etc. Ludy T. Benjamin, Jr., Kathleen D. Lowman, editors.
260 ## - PUBLICATION, DISTRIBUTION, ETC. (IMPRINT)
Place of publication, distribution, etc. Washington, D.C. :
Name of publisher, distributor, etc. American Psychological Association,
Date of publication, distribution, etc. 1987
300 ## - PHYSICAL DESCRIPTION
Extent xiii,345p;
Other physical details ill. ;
Dimensions 26-28 cm.
500 ## - GENERAL NOTE
General note Vols. 2-3 edited by: Vivian Parker Makosky ... [et al.].
504 ## - BIBLIOGRAPHY, ETC. NOTE
Bibliography, etc Includes bibliographical references and indexes.
650 #0 - SUBJECT ADDED ENTRY--TOPICAL TERM
Topical term or geographic name as entry element Psychology
General subdivision Study and teaching.
9 (RLIN) 13290
650 #0 - SUBJECT ADDED ENTRY--TOPICAL TERM
Topical term or geographic name as entry element Psychology
General subdivision Problems, exercises, etc.
9 (RLIN) 13291
700 1# - ADDED ENTRY--PERSONAL NAME
Personal name Benjamin, Ludy T.,
Dates associated with a name 1945-
9 (RLIN) 13292
700 1# - ADDED ENTRY--PERSONAL NAME
Personal name Lowman, Kathleen D.,
Dates associated with a name 1948-
9 (RLIN) 13293
700 1# - ADDED ENTRY--PERSONAL NAME
Personal name Makosky, Vivian Parker.
9 (RLIN) 13294
906 ## - LOCAL DATA ELEMENT F, LDF (RLIN)
a 7
b cbc
c orignew
d 1
e ocip
f 19
g y-gencatlg
942 ## - ADDED ENTRY ELEMENTS (KOHA)
Source of classification or shelving scheme Dewey Decimal Classification
Koha item type Open Shelf
Holdings
Withdrawn status Lost status Source of classification or shelving scheme Damaged status Not for loan Home library Current library Date acquired Source of acquisition Inventory number Total Checkouts Full call number Barcode Date last seen Price effective from Koha item type
    Dewey Decimal Classification     MUST Main Library MUST Main Library 23/01/2020 Purchase 2008/30723   370.15 ACT 1987 2020-0092 23/01/2020 23/01/2020 Open Shelf
    Dewey Decimal Classification     MUST Main Library MUST Main Library 07/02/2020   08/30724   370.15 ACT 1987 2020-0431 07/02/2020 07/02/2020 Open Shelf